IFM Opac

Web Development and Design Foundations with HTML5 (Record no. 22226)

MARC details
000 -LEADER
fixed length control field 00330nam a22001337a 4500
020 ## - INTERNATIONAL STANDARD BOOK NUMBER
ISBN 978-1-292-16407-6
082 ## - DEWEY DECIMAL CLASSIFICATION NUMBER
Classification number 006.74
100 ## - MAIN ENTRY--AUTHOR NAME
Personal name Felke-Morris, Terry A.
245 ## - TITLE STATEMENT
Title Web Development and Design Foundations with HTML5
250 ## - EDITION STATEMENT
Edition statement 8th
260 ## - PUBLICATION, DISTRIBUTION, ETC. (IMPRINT)
Place of publication Harlow:
Name of publisher Pearson,
Year of publication 2017
300 ## - PHYSICAL DESCRIPTION
Number of Pages 712p.: ill.; 27cm
942 ## - ADDED ENTRY ELEMENTS (KOHA)
Koha item type Books
Holdings
Withdrawn status Lost status Damaged status Not for loan Collection code Permanent Location Current Location Shelving location Date acquired Source of acquisition Full call number Accession Number Price effective from Koha item type
        Non-fiction IFM Main Campus Library IFM Main Campus Library Work Room processing 01/26/2026 Purchased 006.74 FEL 0000030952 01/26/2026 Books